| 000 | 00344nam a2200133Ia 4500 | ||
|---|---|---|---|
| 008 | 221220s9999 xx 000 0 und d | ||
| 041 | _aEnglish | ||
| 100 | _aVivek Singh Randawa | ||
| 245 | 0 | _aStudy of Dealer satisfaction in cement industry | |
| 260 |
_bShree cement ltd. _aJAMMU _c2018 |
||
| 300 | _a44 | ||
| 650 | _aManagement | ||
| 942 | _cTH | ||
| 999 |
_c19382 _d19382 |
||